000
00319nam a22001337a 4500
020
_a
9789693521337
040
_c
NUST
082
_a
297.4 AHM
100
_a
Ahmad Rafiq Akhtar, Prof
245
_a
Charaagh-i-Sar-i Raah
260
_a
Lahore:
_b
Sang-e-Meel,
_c
2012.
650
_a
Islam-Essays
_9
111972
942
_2
ddc
_c
BK
999
_c
593678
_d
593678